| 000 | 00863cam a22002657a 4500 | ||
|---|---|---|---|
| 001 | 2615393 | ||
| 003 | OSt | ||
| 005 | 20140310182856.0 | ||
| 008 | 031015s2003 ph a b 000 0 eng d | ||
| 020 | _a9719277408 | ||
| 040 |
_aANL _beng _dANL |
||
| 043 | _aa-ph--- | ||
| 050 |
_aHD 5856.P6 _b.P538p 2003 |
||
| 100 | _aSicam, Paulynn Paredes | ||
| 245 | 0 | 0 |
_aPhilippine migration journalism : _ba practical handbook / _cPaulynn Paredes Sicam, editor. |
| 260 |
_aQuezon City, Philippines : _bInstitute on Church and Social Issues, OFW Journalism Consortium, _c2003. |
||
| 300 |
_a199 p. : _bill. ; _c21 cm. |
||
| 521 | _aMC | ||
| 650 | 0 |
_aFilipinos _xEmployment _xForeign countries. |
|
| 651 | 0 |
_aPhilippines _xEmigration and immigration. |
|
| 700 | 1 | _aSicam, Paulynn Paredes | |
| 710 | 2 | _aOFW Journalism Consortium | |
| 942 |
_2lcc _cBK _kLOC |
||
| 999 |
_c17036 _d17036 |
||